Visualizzazione normale
Vista MARC
- Tomasz J.
di Personal Name
Records bibliografici associati: 1
001 - CONTROL NUMBER
- control field: 24919
003 - CONTROL NUMBER IDENTIFIER
- control field: IT-RoPau
005 - DATE AND TIME OF LATEST TRANSACTION
- control field: 20140514123544.0
008 - FIXED-LENGTH DATA ELEMENTS
- fixed length control field: 140514|| aca||aabn | a|a d
040 ## - CATALOGING SOURCE
- Original cataloging agency: IT-RoPau
- Transcribing agency: IT-RoPau
100 ## - HEADING--PERSONAL NAME
- Personal name: Tomasz J.
- Dates associated with a name: Codice autore testo/musica SPICS: 25534
- Relator term: Autore testo/musica
- Name of part/section of a work: Nie Potrzeba Mi Nic - Droga Do Gwiazd - Ktos
670 ## - SOURCE DATA FOUND
- Source citation: Work cat.: (IT-RoPau)102577: AA.VV. 794, Z Archiwum Polskiego Beatu, vol. 19 (Lp Sx 2527)